|
|
|
|
| LEADER |
02508nam a2200661 i 4500 |
| 001 |
nkc20223471752 |
| 003 |
CZ PrNK |
| 005 |
20230816124039.0 |
| 007 |
ta |
| 008 |
221114s2022 xr a e f 000 0 cze |
| 015 |
|
|
|a cnb003471752
|
| 020 |
|
|
|a 978-80-908686-1-8
|q (brožováno)
|
| 035 |
|
|
|a (OCoLC)1372328394
|
| 040 |
|
|
|a BOA001
|b cze
|d ABA001
|e rda
|
| 043 |
|
|
|a e-xr---
|
| 072 |
|
7 |
|a 336.7
|x Finance
|2 Konspekt
|9 4
|
| 080 |
|
|
|a 336.7
|2 MRF
|
| 080 |
|
|
|a 336:005.931.2
|2 MRF
|
| 080 |
|
|
|a 347.919.3
|2 MRF
|
| 080 |
|
|
|a 347.952
|2 MRF
|
| 080 |
|
|
|a 347.427
|2 MRF
|
| 080 |
|
|
|a 37.015.31:336
|2 MRF
|
| 080 |
|
|
|a (437.3)
|2 MRF
|
| 080 |
|
|
|a (036)
|2 MRF
|
| 100 |
1 |
|
|a Škodáček, Zbyněk,
|d 1984-
|7 xx0223723
|4 aut
|
| 245 |
1 |
0 |
|a Mini průvodce světem (nejen) finanční gramotnosti /
|c autoři publikace: Zbyněk Škodáček, Ladislava Steinichová, Lenka Janečková
|
| 246 |
3 |
3 |
|a Mini průvodce světem finanční gramotnosti
|
| 246 |
3 |
3 |
|a Mini průvodce světem nejen finanční gramotnosti
|
| 246 |
1 |
4 |
|a Dluhy?
|
| 250 |
|
|
|a 1. vydání
|
| 264 |
|
1 |
|a Praha :
|b Alteda, z.ú. pro VOLONTÉ CZECH, o.p.s.,
|c 2022
|
| 300 |
|
|
|a 35 stran :
|b ilustrace ;
|c 21 cm
|
| 336 |
|
|
|a text
|b txt
|2 rdacontent
|
| 337 |
|
|
|a bez média
|b n
|2 rdamedia
|
| 338 |
|
|
|a svazek
|b nc
|2 rdacarrier
|
| 500 |
|
|
|a "Text vychází z platných a účinných právních předpisů k 20.7.2022"--Tiráž
|
| 650 |
0 |
7 |
|a osobní finance
|7 ph115617
|z Česko
|2 czenas
|
| 650 |
0 |
7 |
|a zadluženost
|7 ph347592
|z Česko
|2 czenas
|
| 650 |
0 |
7 |
|a vymáhání pohledávek
|7 ph145199
|z Česko
|2 czenas
|
| 650 |
0 |
7 |
|a exekuce
|7 ph120086
|z Česko
|2 czenas
|
| 650 |
0 |
7 |
|a oddlužení
|7 ph618463
|z Česko
|2 czenas
|
| 650 |
0 |
7 |
|a finanční gramotnost
|7 ph617599
|z Česko
|2 czenas
|
| 650 |
0 |
9 |
|a personal finance
|z Czechia
|2 eczenas
|
| 650 |
0 |
9 |
|a debt
|z Czechia
|2 eczenas
|
| 650 |
0 |
9 |
|a debt collection
|z Czechia
|2 eczenas
|
| 650 |
0 |
9 |
|a executions (law)
|z Czechia
|2 eczenas
|
| 650 |
0 |
9 |
|a personal bankruptcy
|z Czechia
|2 eczenas
|
| 650 |
0 |
9 |
|a financial literacy
|z Czechia
|2 eczenas
|
| 655 |
|
7 |
|a informační publikace
|7 fd132454
|2 czenas
|
| 655 |
|
9 |
|a information publications
|2 eczenas
|
| 700 |
1 |
|
|a Steinichová, Ladislava
|7 xx0016140
|4 aut
|
| 700 |
1 |
|
|a Janečková, Lenka
|7 mzk20231174020
|4 aut
|
| 710 |
2 |
|
|a VOLONTÉ CZECH (organizace)
|7 xx0280371
|4 isb
|
| 910 |
2 |
|
|a BOA001
|b 2-1502.101
|
| 990 |
|
|
|a BK
|
| 995 |
|
|
|a 01
|
| 991 |
|
|
|b 202301
|c NOV
|
| 996 |
6 |
|
|b 2610927877
|c 2-1502.101
|l MZK
|r Sklad / do 1 hodiny
|n 0
|p p.v.
|w 001911375
|u 000010
|a 1
|e BOA001
|j MZK50
|s P
|